000
00396nam a22001697a 4500
003
MPLRDC
005
20220104143452.0
008
210129b ||||| |||| 00| 0 eng d
082
_a
880 TGNF-8 c.2
100
_a
屠格涅夫著; 陆蠡译
245
_a
烟
_c
250
_a
十一版
260
_a
_b
文化生活出版社
_c
1953
300
_b
平
650
_a
942
_c
BK
_o
880 TGNF-8 c.2
999
_c
40203
_d
40193